<?xml version="1.0" encoding="UTF-8"?><?xml-stylesheet type="text/xsl" href="static/style.xsl"?><OAI-PMH xmlns="http://www.openarchives.org/OAI/2.0/" xmlns:xsi="http://www.w3.org/2001/XMLSchema-instance" xsi:schemaLocation="http://www.openarchives.org/OAI/2.0/ http://www.openarchives.org/OAI/2.0/OAI-PMH.xsd"><responseDate>2026-06-01T19:53:32Z</responseDate><request verb="GetRecord" identifier="oai:riuma.uma.es:10630/19116" metadataPrefix="marc">https://riuma.uma.es/rest/oai/request</request><GetRecord><record><header><identifier>oai:riuma.uma.es:10630/19116</identifier><datestamp>2026-02-03T11:14:50Z</datestamp><setSpec>com_10630_2254</setSpec><setSpec>col_10630_37953</setSpec></header><metadata><record xmlns="http://www.loc.gov/MARC21/slim" xmlns:dcterms="http://purl.org/dc/terms/" xmlns:doc="http://www.lyncode.com/xoai" xmlns:xsi="http://www.w3.org/2001/XMLSchema-instance" xsi:schemaLocation="http://www.loc.gov/MARC21/slim http://www.loc.gov/standards/marcxml/schema/MARC21slim.xsd">
   <leader>00925njm 22002777a 4500</leader>
   <datafield ind2=" " ind1=" " tag="042">
      <subfield code="a">dc</subfield>
   </datafield>
   <datafield ind2=" " ind1=" " tag="720">
      <subfield code="a">Romero Padilla, Yolanda</subfield>
      <subfield code="e">author</subfield>
   </datafield>
   <datafield ind2=" " ind1=" " tag="720">
      <subfield code="a">Cerezo-Medina, Alfonso</subfield>
      <subfield code="e">author</subfield>
   </datafield>
   <datafield ind2=" " ind1=" " tag="720">
      <subfield code="a">Navarro-Jurado, Enrique</subfield>
      <subfield code="e">author</subfield>
   </datafield>
   <datafield ind2=" " ind1=" " tag="720">
      <subfield code="a">Romero Martínez, José María</subfield>
      <subfield code="e">author</subfield>
   </datafield>
   <datafield ind2=" " ind1=" " tag="720">
      <subfield code="a">Guevara-Plaza, Antonio</subfield>
      <subfield code="e">author</subfield>
   </datafield>
   <datafield ind2=" " ind1=" " tag="260">
      <subfield code="c">2019</subfield>
   </datafield>
   <datafield ind2=" " ind1=" " tag="520">
      <subfield code="a">Esta investigación aborda los conflictos generados por el crecimiento turístico reciente en la ciudad turística desde la perspectiva de los movimientos sociales locales. Para ello primero, se revisan estos procesos de crecimiento, con especial atención a la percepción del exceso de turismo y al papel de las viviendas con fines turísticos. En segundo lugar, se reflexiona sobre los conflictos y las reacciones sociales que responden a la percepción de impactos negativos del turismo en su espacio cotidiano. Se contrasta la revisión teórica de manera aplicada a las ciudades de Málaga y Marbella. Los resultados evidencian que en las ciudades con turismo clásico de litoral ya existía la vivienda de alquiler desde sus orígenes como destino y ahora se ha visibilizado porque las plataformas digitales lo han puesto en el mercado global; en ciudades con turismo urbano-cultural las viviendas son una nueva forma de alojamiento que genera nuevos conflictos; por último, los resultados contrastan las características del modelo crecentista en la ciudad turística frente a las reivindicaciones de los movimientos sociales que cuya base es la compatibilidad del turismo con la preservación y mejora de la calidad de la vida cotidiana. Los tres resultados constituyen oportunidades de investigación.</subfield>
   </datafield>
   <datafield ind1="8" ind2=" " tag="024">
      <subfield code="a">https://hdl.handle.net/10630/19116</subfield>
   </datafield>
   <datafield ind1="8" ind2=" " tag="024">
      <subfield code="a">http://dx.doi.org/10.21138/bage.2837</subfield>
   </datafield>
   <datafield tag="653" ind2=" " ind1=" ">
      <subfield code="a">Turismo</subfield>
   </datafield>
   <datafield ind2="0" ind1="0" tag="245">
      <subfield code="a">Conflicts in the tourist city from the perspective of local social movements</subfield>
   </datafield>
</record>
</metadata></record></GetRecord></OAI-PMH>